|
|
|
|
| LEADER |
00000nab a2200000 a 4500 |
| 001 |
vtls000745461 |
| 005 |
20260429184106.0 |
| 008 |
040806c2001 xo 0 slo |
| 015 |
|
|
|a SNBRB2001/01-04050
|
| 035 |
|
|
|a CLN000097294
|
| 040 |
|
|
|a SNKBUCL
|b slo
|c SNKBUCL
|e AACR2
|
| 041 |
0 |
|
|a slo
|
| 044 |
|
|
|a xo
|c SK
|
| 080 |
|
|
|a 797.212.093.1(100)
|2 UDC-MRF-SK2
|
| 245 |
0 |
0 |
|a Víťazstvo a štvrté miesto
|b SP plavcov v krátkom bazéne: Moravcová predčasne dvojnásobnou celkovou víťazkou
|
| 648 |
|
7 |
|a 2001
|2 snkbucl
|9 296180
|
| 650 |
0 |
7 |
|a plávanie
|2 snkbucl
|9 3241
|
| 650 |
0 |
7 |
|a Svetový pohár
|2 SNK
|9 842306
|
| 651 |
|
7 |
|a Sheffield (Anglicko)
|2 SNKPHgeo
|9 29932
|
| 655 |
|
7 |
|a články z novín a časopisov
|2 snkbucl
|9 267496
|
| 773 |
0 |
|
|t Šport
|g Roč. 55, č. 15 (19.1.2001), s. 4
|
| 852 |
|
|
|a SNK
|
| 999 |
|
|
|c 1442467
|d 1444397
|